Ekonomické aspekty v riadení zdravotníckych zariadení

Gespeichert in:
Bibliographische Detailangaben
1. Verfasser: Pétrová, Rozália
Format: Buchkapitel
Sprache:Slowakisch
Tags: Tag hinzufügen
Keine Tags, Fügen Sie das erste Tag hinzu!

MARC

LEADER 00000naa$a2200000$$$4500
001 0060345
005 20240502071651.7
041 0 |a slo 
044 |a SK 
245 1 0 |a Ekonomické aspekty v riadení zdravotníckych zariadení  |c Rozália Pétrová 
100 1 |a Pétrová, Rozália